Представление документа в формате MARC21

Поле Инд. ПП Название Значение
Тип записи a
Библиографический уровень m
001 Контрольный номер 11227ba9f5534f72a7d7cb35e8f034f5
005 Дата корректировки 20200525160054.5
008 Кодируемые данные 151030|||||||||ru |||||||||||||||||rus||
020 a ISBN 978-5-86185-824-3
041 0_ a Код языка текста rus
084 a Индекс другой классификации/Индекс ББК 65в6
090 a Полочн. индекс 65в6
x Авторский знак А 23
100 1_ a Автор Агарков С. А.
245 10 a Заглавие Основы математических методов в экономике
b Продолж. заглавия учеб. пособие по дисциплинам "Инвестиционный менеджмент", "Финансовая математика", "Экономико-математические методы" для студентов, обучающихся по направлениям подгот. 080200.62, 080200.68 "Менеджмент", 080100.62, 080100.68 "Экономика"
c Ответственность Федер. агентство по рыболовству, ФГБОУ ВПО "Мурман. гос. техн. ун-т"
260 a Место издания Мурманск
b Издательство Изд-во МГТУ
c Дата издания 2015
300 a Объем 370 с.
500 a Примечание Имеется электрон. аналог 2015 г.
504 a Библиография Библиогр.: с. 367-368
583 x Служебное примечание Менеджмент. ВПО
x Служебное примечание Экон. специальности. ВПО
x Служебное примечание Труды преподавателей МГТУ
z Открытое примечание 38.00.00
650 04 a Основная рубрика Математическая экономика-Учебные издания для высших учебных заведений
653 0_ a Ключевые слова Алгебра линейная
a Ключевые слова Исследования экономические
a Ключевые слова Линейная алгебра
a Ключевые слова Линейное программирование
a Ключевые слова Математическая экономика
a Ключевые слова Математические методы
a Ключевые слова Математические модели
a Ключевые слова Матрицы (экономика)
a Ключевые слова Нелинейное программирование
a Ключевые слова Теория вероятностей
a Ключевые слова Графов теория
a Ключевые слова Теория надежности
a Ключевые слова Труды преподавателей МГТУ
700 12 a Другие авторы Вульфович Б. А.
700 12 a Другие авторы Неделько Н. С.
710 12 a Организация/ юрисдикция Мурманский государственный технический университет
900 a Имя макрообъекта Агарков С.А. Основы математических методов в экономике
901 t Тип документа m
952 b Гриф литературы для ВШ Допущено Ученым советом МГТУ
c Вид литературы учебное пособие